000 00404nam a22001697a 4500
005 20230609180442.0
008 230609b |||||||| |||| 00| 0 eng d
020 _a9781598293616
082 _a006.37
_bACT-B
100 _aActon ScottT.
245 _aBiomedical Image Analysis Tracking
260 _aIndia
_c2007
300 _a144
650 _aEngineering
700 _aScott T.Acton
999 _c18711
_d18711